000 01092nam a2200217Ia 4500
999 _c55988
_d55988
001 23087
003 GE_BSU
005 20230707150844.0
008 181216s1970||||ge |||||||||||||| ||geo||
040 _cGE_BSU
041 _ageo
080 _a821.411.11-13 გ-49
245 _aგილგამეში : "რომელმან სიღრმე იხილა" :
_bშუამდინარეთის ხალხთა ეპოსი /
_cაქადურიდან თარგმ. და წინასიტყვაობა დაურთო ზ. კიკნაძემ ; რედ : თ. გამყრელიძე].
264 _aთბილისი :
_bნაკადული,
_c1963.
300 _a102 გვ. ;
_c20 სმ.
541 _h0,82 თ.
653 _aგილგამეში : "რომელმან სიღრმე იხილა
653 _aშუამდინარეთის ხალხთა ეპოსი
700 _aგამყრელიძე, თ.
_eრედაქტორი
_93546
942 _cBK
_2udc